000 00644nam a2200205Ia 4500
003 OSt
005 20240404165246.0
008 210210b1978 xxu||||| |||| 00| 0 eng d
040 _cAL
041 _aKannada
082 _aK894.9 SHIS
100 _aSHIVARAMA KARANTA.
_993430
_dಶಿವರಾಮ ಕಾರಂತ.
245 _aSaundarya prajneyannu beleyisalu
_b ಸೌಂದರ್ಯ ಪ್ರಜ್ಞೆಯನ್ನು ಬೆಳೆಯಿಸಲು
260 _aMaisuru
_bVishvavidyanilaya
_c1978
300 _a45
650 _aSaundarya Kalasrashti
_993431
690 _aKannada Criticism
_993432
906 _aSG01685
942 _2ddc
_cBK
999 _c113080
_d113080